000 00862cam a2200265 a 4500
999 _c9633
_d9633
001 9633
003 BD-JhCC
005 20180321165749.0
008 050110s2005 pau b 001 0 eng
020 _a0791082377 (alk. paper)
035 _a(BD-JhCC)9633
040 _aDLC
_cDLC
_dDLC
_dBD-JhCC
041 _aeng
050 0 0 _aPS374.M535
_bM63 2005
082 0 0 _a811/.508
_222
_bMOD 2005
245 0 0 _aModern American poetry /
_cedited and with an introduction by Louis Untermeyer
260 _aPhiladelphia :
_bChelsea House Publishers,
_cc2005.
300 _aviii, 709 p. :
_c25 cm.
440 0 _aBloom's period studies
504 _aIncludes bibliographical references and index.
650 0 _aAmerican poetry
_y20th century
_xHistory and criticism.
650 0 _aModernism (Literature)
_zUnited States.
700 _aUntermeyer, Louis
942 _2ddc
_cBK